| 000 | 00489 a2200157 4500 | ||
|---|---|---|---|
| 999 |
_c967 _d967 |
||
| 020 | _a9780789027719 | ||
| 050 | _aG156.5 EDG | ||
| 100 |
_aEdgell,David L. _eauthor |
||
| 245 |
_aManaging sustainable tourism: _bA legacy for the future/ _cDavid L. Edgell |
||
| 264 |
_aNew York: _bRoutledge _c2006 |
||
| 300 | _a144p. | ||
| 500 | _aIncludes bibliographical references and index | ||
| 650 |
_aEcotourism _xmanagement |
||
| 650 |
_aHeritage tourism _xmanagement |
||
| 942 |
_2lcc _cBK _h156.5 _iEDG _kG |
||